000 00682nam a22002417a 4500
001 79198
003 UA-OsUOA
005 20220511113002.0
007 ta
008 20111103b un ||||| |||| 00| 0 ukr d
040 _aUA-OsUOA
_brus
_cUA-OsUOA
_dUA-OsUOA
041 _arus
080 _a821.161.1
090 _a821.161.1
_bШ78
100 _aШолохов М. А.
245 _aСобрание сочинений
_bв 8-ми т.
260 _aМ.
_bХудож. лит.
_c1985
300 _a383 с.
505 _gТ. 8
650 7 _a821 Художня література окремими мовами і мовними сім'ями
_2UDC
942 _cBK
_2udc
955 _a3
999 _c357710
_d357710